[Event "Women's Speed Chess Q1"]
[Site "chess.com INT"]
[Date "2020.06.18"]
[Round "2"]
[White "Li, Xueyi"]
[Black "Ambartsumova, Karina"]
[Result "1-0"]
[WhiteTitle "WGM"]
[BlackTitle "IM"]
[WhiteElo "2328"]
[BlackElo "2371"]
[WhiteFideId "8605912"]
[BlackFideId "4166299"]
[EventDate "2020.06.18"]

1. d4 Nf6 2. c4 e6 3. g3 d5 4. Bg2 Be7 5. Nf3 O-O 6. O-O dxc4 7. Qc2 c6 8. Qxc4
b5 9. Qc2 Bb7 10. Rd1 Nbd7 11. a4 a6 12. Bg5 h6 13. Bxf6 Nxf6 14. Nbd2 Qb6 15.
a5 Qc7 16. Nb3 Rfd8 17. Ne5 Rac8 18. Nd3 Nd5 19. Nbc5 Bf8 20. b4 Bxc5 21. Qxc5
Ba8 22. Rac1 Qd6 23. Qxd6 Rxd6 24. Bxd5 Rxd5 25. Nc5 Rcd8 26. e3 e5 27. Nxa6
exd4 28. Nc7 R5d7 29. Rxd4 Rxd4 30. exd4 Kf8 31. Nxa8 Rxa8 32. Rxc6 Rd8 33. Rc5
Rb8 34. Rc7 Rd8 35. Rb7 Rxd4 36. a6 1-0

[Event "Women's Speed Chess Q1"]
[Site "chess.com INT"]
[Date "2020.06.18"]
[Round "2"]
[White "Lee, Dariya"]
[Black "Lahav, Michal"]
[Result "0-1"]
[WhiteTitle "WCM"]
[BlackTitle "WIM"]
[WhiteElo "1523"]
[BlackElo "2219"]
[WhiteFideId "13801651"]
[BlackFideId "2813742"]
[EventDate "2020.06.18"]

1. c4 Nf6 2. Nc3 c5 3. g3 d5 4. cxd5 Nxd5 5. Bg2 Nxc3 6. bxc3 g6 7. d4 cxd4 8.
cxd4 Bg7 9. e3 O-O 10. Ne2 Nd7 11. O-O Nb6 12. Nf4 e5 13. dxe5 Bxe5 14. Rb1 Bf5
15. Rb5 Bxf4 16. exf4 Bd3 17. Rb3 Bxf1 18. Qxf1 Qc7 19. Ba3 Rfe8 20. Rb1 Rad8
21. Rc1 Qd7 22. Bb2 Qd2 23. Qb5 Re1+ 24. Rxe1 Qxe1+ 25. Bf1 Rd2 26. Qc5 Rxb2 27.
Qd4 Rd2 28. Qe3 Qxe3 29. fxe3 Rxa2 30. h3 Kg7 31. g4 a5 32. Bg2 a4 33. Kh2 Rxg2+
34. Kxg2 a3 35. Kf2 a2 36. Kf3 a1=Q 37. Kf2 Nd5 38. Kf3 Qc3 39. Kf2 Qxe3+ 40.
Kg2 Nxf4+ 41. Kh2 Qf2+ 42. Kh1 Qg2# 0-1

[Event "Women's Speed Chess Q1"]
[Site "chess.com INT"]
[Date "2020.06.18"]
[Round "2"]
[White "Miroshnik, Ekaterina"]
[Black "Azhar, Puteri Munajjah Az-Zahraa"]
[Result "1-0"]
[WhiteTitle "WFM"]
[BlackTitle "WIM"]
[WhiteElo "2139"]
[BlackElo "2046"]
[WhiteFideId "34127698"]
[BlackFideId "5709040"]
[EventDate "2020.06.18"]

1. d4 Nf6 2. c4 d6 3. Nf3 g6 4. g3 Bg7 5. Bg2 O-O 6. O-O Nbd7 7. Nc3 c6 8. e4 e5
9. b3 a5 10. Bb2 exd4 11. Nxd4 Nc5 12. Re1 Re8 13. Qd2 Qc7 14. Rad1 Ng4 15. h3
Nf6 16. f4 Nh5 17. Qf2 Bd7 18. Ba1 Rad8 19. Nc2 Na6 20. g4 Nf6 21. Na4 Bc8 22.
Nb6 c5 23. Bxf6 Qxb6 24. Ne3 Nb4 25. Bxg7 Kxg7 26. Qb2+ Kg8 27. a3 Be6 28. axb4
Qxb4 29. f5 gxf5 30. exf5 Bxc4 31. Qf6 Bxb3 32. Rb1 1-0

[Event "Women's Speed Chess Q1"]
[Site "chess.com INT"]
[Date "2020.06.18"]
[Round "2"]
[White "Antolak, Julia"]
[Black "Fominykh, Maria"]
[Result "1-0"]
[WhiteTitle "WIM"]
[BlackTitle "WGM"]
[WhiteElo "2323"]
[BlackElo "2206"]
[WhiteFideId "1159569"]
[BlackFideId "4142411"]
[EventDate "2020.06.18"]

1. e4 d6 2. d4 Nf6 3. Nc3 e5 4. Nf3 Nbd7 5. g4 Nxg4 6. Rg1 Ngf6 7. Bc4 exd4 8.
Qxd4 c6 9. Be3 Qb6 10. Qd2 Qb4 11. Bb3 Nc5 12. Bxc5 dxc5 13. a3 Qb6 14. Ng5 Be6
15. Bxe6 fxe6 16. Nxe6 Kf7 17. Ng5+ Ke8 18. O-O-O Be7 19. Ne6 g6 20. e5 Nh5 21.
Ne4 Kf7 22. Qd7 Rhe8 23. Nd6+ Kg8 24. Nxe8 1-0

[Event "Women's Speed Chess Q1"]
[Site "chess.com INT"]
[Date "2020.06.18"]
[Round "2"]
[White "Kashlinskaya, Alina"]
[Black "Xu, Yuanyuan"]
[Result "1-0"]
[WhiteTitle "IM"]
[BlackTitle "WGM"]
[WhiteElo "2494"]
[BlackElo "2317"]
[WhiteFideId "4198026"]
[BlackFideId "8601089"]
[EventDate "2020.06.18"]

1. d4 d5 2. c4 dxc4 3. e3 Nf6 4. Bxc4 e6 5. Nf3 c5 6. O-O a6 7. Bb3 cxd4 8. exd4
Nc6 9. Nc3 Be7 10. Bg5 O-O 11. Qd2 Na5 12. Bc2 b5 13. Qf4 Bb7 14. Rad1 Nd5 15.
Nxd5 Bxd5 16. Qh4 h6 17. Bxe7 Qc7 18. Bxf8 Qxc2 19. Bd6 Bxf3 20. gxf3 Nc4 21.
Qg3 Nxb2 22. Be5 g6 23. Rc1 Qf5 24. Qg4 Nd3 25. Qxf5 gxf5 26. Rc3 Nxe5 27. dxe5
Kg7 28. Rd1 Kg6 29. f4 Kh5 30. Rg3 Kh4 31. Kg2 Rc8 32. Rdd3 Rc2 33. Rh3+ Kg4 34.
Rdf3 h5 35. Rhg3+ Kh4 36. Rg5 Rxf2+ 37. Kxf2 1-0

[Event "Women's Speed Chess Q1"]
[Site "chess.com INT"]
[Date "2020.06.18"]
[Round "2"]
[White "Golubenko, Valentina"]
[Black "Sedina, Elena"]
[Result "1-0"]
[WhiteTitle "WGM"]
[BlackTitle "IM"]
[WhiteElo "2209"]
[BlackElo "2299"]
[WhiteFideId "4501993"]
[BlackFideId "812153"]
[EventDate "2020.06.18"]

1. d4 d5 2. g3 Nf6 3. Bg2 Bf5 4. c4 c6 5. Nc3 e6 6. Nf3 h6 7. O-O Nbd7 8. Nd2
Be7 9. e4 dxe4 10. Ndxe4 Nxe4 11. Nxe4 O-O 12. Bf4 Nf6 13. Nc3 Bd6 14. Be3 a6
15. Qb3 Qc7 16. Rac1 Rac8 17. Na4 Ng4 18. Nb6 Nxe3 19. fxe3 Rcd8 20. c5 Be7 21.
Nc4 Bh7 22. Rcd1 Bg5 23. Nd6 Be7 24. Nc4 Bg5 25. e4 Bf6 26. e5 Bg5 27. Nd6 Rd7
28. Be4 Bxe4 29. Nxe4 Bd8 30. Qf3 b6 31. Qg4 bxc5 32. Nxc5 Rd5 33. Nxe6 fxe6 34.
Qxe6+ Kh7 35. Rxf8 Qd7 36. Qg8+ Kg6 37. Rdf1 Rxd4 38. R8f7 1-0

[Event "Women's Speed Chess Q1"]
[Site "chess.com INT"]
[Date "2020.06.18"]
[Round "2"]
[White "Kiolbasa, Oliwia"]
[Black "Kubicka, Anna"]
[Result "0-1"]
[WhiteTitle "WIM"]
[BlackTitle "WIM"]
[WhiteElo "2160"]
[BlackElo "2256"]
[WhiteFideId "1154613"]
[BlackFideId "1152254"]
[EventDate "2020.06.18"]

1. e4 c5 2. Nf3 d6 3. d4 cxd4 4. Nxd4 Nf6 5. Nc3 a6 6. Be3 e5 7. Nb3 Be7 8. Qd2
Be6 9. f4 exf4 10. Bxf4 O-O 11. O-O-O Nc6 12. Kb1 Ne5 13. Nd4 Rc8 14. Nxe6 fxe6
15. g3 Nfd7 16. Bh3 Rf6 17. b3 Kh8 18. Ne2 Qc7 19. Nd4 Nf8 20. Bg5 Rg6 21. Bxe7
Qxe7 22. Rhf1 Nfd7 23. Rf2 Nc5 24. Qe3 h6 25. Rdf1 b5 26. Nf3 Nxf3 27. Rxf3 a5
28. e5 dxe5 29. Qxe5 Rg5 30. Qf4 a4 31. Re3 axb3 32. cxb3 Qd7 33. Qf2 Rd5 34.
Qf7 Rd1+ 35. Rxd1 Qxf7 0-1

[Event "Women's Speed Chess Q1"]
[Site "chess.com INT"]
[Date "2020.06.18"]
[Round "2"]
[White "Tomilova, Elena"]
[Black "Zavivaeva, Evelina"]
[Result "1-0"]
[WhiteTitle "WGM"]
[BlackTitle "WCM"]
[WhiteElo "2353"]
[BlackElo "1619"]
[WhiteFideId "4162340"]
[BlackFideId "44127839"]
[EventDate "2020.06.18"]

1. d4 d5 2. c4 dxc4 3. Nf3 Nf6 4. e3 e6 5. Bxc4 Bb4+ 6. Nc3 Nc6 7. O-O O-O 8.
Qc2 b6 9. Rd1 Bb7 10. e4 Qe7 11. e5 Nd7 12. Ng5 g6 13. Nge4 Rad8 14. Bg5 f6 15.
exf6 Nxf6 16. Nxf6+ Rxf6 17. Ne4 Rdf8 18. Nxf6+ Rxf6 19. d5 Ne5 20. Bb3 exd5 21.
Bxf6 Qxf6 22. Bxd5+ Bxd5 23. Rxd5 Ng4 24. Rad1 Ne5 25. Qxc7 Be7 26. h3 Bc5 27.
Rd8+ 1-0

[Event "Women's Speed Chess Q1"]
[Site "chess.com INT"]
[Date "2020.06.18"]
[Round "2"]
[White "Palmero Martinez, Rachel"]
[Black "Borisova, Ekaterina"]
[Result "0-1"]
[WhiteTitle "WFM"]
[BlackTitle "FM"]
[WhiteElo "2099"]
[BlackElo "2283"]
[WhiteFideId "3516466"]
[BlackFideId "34124184"]
[EventDate "2020.06.18"]

1. e4 d6 2. d4 Nf6 3. Nc3 e5 4. Nf3 Nbd7 5. Bc4 Be7 6. O-O O-O 7. h3 c6 8. a4 a5
9. Re1 Nb6 10. Ba2 Nfd7 11. Be3 exd4 12. Nxd4 Nc5 13. Qd2 Nbxa4 14. Nxa4 Nxa4
15. Bxf7+ Rxf7 16. Rxa4 Bd7 17. Ra2 c5 18. Nf3 Be6 19. Raa1 h6 20. Nh2 d5 21.
exd5 Bxd5 22. Red1 Be4 23. Qe2 Qc7 24. Bxh6 Qc6 25. f3 Bg6 26. Bd2 Bf6 27. Rxa5
Re8 28. Qc4 Bd4+ 29. Kh1 b6 30. Raa1 b5 31. Qa2 Bxc2 32. Re1 c4 33. Rxe8+ Qxe8
34. Qa8 Qxa8 35. Rxa8+ Kh7 36. Rb8 Ba4 37. Ng4 Bxb2 38. Ne3 c3 39. Bxc3 Bxc3 40.
Nd5 Be5 41. Nb6 Bxb8 0-1

[Event "Women's Speed Chess Q1"]
[Site "chess.com INT"]
[Date "2020.06.18"]
[Round "2"]
[White "Soumya, Swaminathan"]
[Black "Solozhenkina, Elizaveta"]
[Result "0-1"]
[WhiteTitle "IM"]
[BlackTitle "WIM"]
[WhiteElo "2351"]
[BlackElo "2301"]
[WhiteFideId "5016193"]
[BlackFideId "34106615"]
[EventDate "2020.06.18"]

1. Nf3 Nf6 2. c4 e6 3. g3 d5 4. Bg2 d4 5. O-O c5 6. d3 Nc6 7. e3 Bd6 8. exd4
cxd4 9. Na3 e5 10. Nc2 a5 11. b3 O-O 12. Re1 Re8 13. a3 Bf5 14. Bb2 Qc7 15. Qd2
h6 16. b4 axb4 17. Nxb4 Qb6 18. Nh4 Bh7 19. Nxc6 bxc6 20. c5 Bxc5 21. Rec1 Rec8
22. Nf3 Bd6 23. Rc2 Qb3 24. Ne1 Nd5 25. Rac1 Ra6 26. Rc4 Qb5 27. R1c2 Ne7 0-1

[Event "Women's Speed Chess Q1"]
[Site "chess.com INT"]
[Date "2020.06.18"]
[Round "2"]
[White "Tian, Shi Yuan"]
[Black "Huda, Maryana"]
[Result "0-1"]
[WhiteTitle "WFM"]
[BlackTitle "WGM"]
[WhiteElo "1868"]
[BlackElo "2128"]
[WhiteFideId "2623960"]
[BlackFideId "14116553"]
[EventDate "2020.06.18"]

1. d4 d5 2. c4 c6 3. Nc3 Nf6 4. Nf3 e6 5. b3 Nbd7 6. Bb2 Bd6 7. e3 Qe7 8. Bd3
O-O 9. e4 e5 10. cxd5 cxd5 11. dxe5 Nxe5 12. Nxe5 Bxe5 13. O-O dxe4 14. Bc4 Bf5
15. h3 Rad8 16. Qe2 Bg6 17. Rfe1 a6 18. a4 Rfe8 19. Rad1 Rxd1 20. Rxd1 Rd8 21.
Nd5 Nxd5 22. Bxd5 Bxb2 23. Qxb2 h6 24. Qd4 Kh7 25. Qb6 Rd6 26. Qd4 Qd8 27. Rd2
Kh8 28. Qe5 f6 29. Qd4 Bf7 0-1

[Event "Women's Speed Chess Q1"]
[Site "chess.com INT"]
[Date "2020.06.18"]
[Round "2"]
[White "Sukandar, Irine Kharisma"]
[Black "Mendoza, Beverly"]
[Result "1-0"]
[WhiteTitle "IM"]
[BlackTitle "WIM"]
[WhiteElo "2413"]
[BlackElo "1945"]
[WhiteFideId "7101937"]
[BlackFideId "5201250"]
[EventDate "2020.06.18"]

1. d4 Nf6 2. Bf4 g6 3. Nc3 Bg7 4. e4 d6 5. Qd2 c6 6. O-O-O Qa5 7. Kb1 b5 8. Bh6
Bxh6 9. Qxh6 b4 10. Nce2 Be6 11. Nc1 Nxe4 12. Qe3 Nf6 13. Nb3 Qa4 14. Nf3 Nbd7
15. Ng5 Nd5 16. Qe1 Bf5 17. f3 h6 18. Ne4 O-O 19. g4 Be6 20. Qh4 Kg7 21. Bd3
Rab8 22. f4 N7f6 23. f5 Bd7 24. fxg6 fxg6 25. g5 hxg5 26. Qxg5 Bf5 27. Nec5 1-0

[Event "Women's Speed Chess Q1"]
[Site "chess.com INT"]
[Date "2020.06.18"]
[Round "2"]
[White "Mohota, Nisha"]
[Black "Bivol, Alina"]
[Result "0-1"]
[WhiteTitle "IM"]
[BlackTitle "WGM"]
[WhiteElo "2195"]
[BlackElo "2386"]
[WhiteFideId "5004330"]
[BlackFideId "4100123"]
[EventDate "2020.06.18"]

1. e4 e6 2. d4 d5 3. Bd3 c5 4. exd5 exd5 5. Nf3 c4 6. Be2 Bd6 7. O-O Ne7 8. b3
cxb3 9. axb3 O-O 10. c4 Nbc6 11. Nc3 Bf5 12. Bg5 h6 13. Bh4 dxc4 14. bxc4 a6 15.
Qb3 g5 16. d5 Na5 17. Qa2 gxh4 18. Qxa5 Qxa5 19. Rxa5 Bb4 20. d6 Bxa5 21. dxe7
Bxc3 22. exf8=Q+ Kxf8 23. Nxh4 Be6 24. Rb1 a5 25. Nf3 a4 26. Ne1 a3 27. Nc2 a2
28. Rd1 a1=Q 29. Nxa1 Bxa1 30. g4 Be5 31. Kg2 Ra2 32. Bf3 b6 33. Rc1 Bd4 34. Rf1
Bxc4 35. Rd1 Bxf2 36. Rd8+ Kg7 37. Kh3 Bf1+ 38. Bg2 Bxg2+ 39. Kxg2 Bh4+ 0-1

[Event "Women's Speed Chess Q1"]
[Site "chess.com INT"]
[Date "2020.06.18"]
[Round "2"]
[White "Fernandez, Maria Florencia"]
[Black "Fuentes Inzunza, Lesly"]
[Result "1-0"]
[WhiteTitle "WIM"]
[BlackTitle "WFM"]
[WhiteElo "2229"]
[BlackElo "1840"]
[WhiteFideId "116459"]
[BlackFideId "3408205"]
[EventDate "2020.06.18"]

1. d4 d5 2. c4 e6 3. Nc3 Nf6 4. Nf3 Be7 5. Bg5 O-O 6. e3 b6 7. cxd5 Nxd5 8. Bxe7
Qxe7 9. e4 Nxc3 10. bxc3 c5 11. Bd3 Bb7 12. O-O Nc6 13. d5 Na5 14. c4 exd5 15.
exd5 Rad8 16. Rc1 Qf6 17. Bb1 Bc8 18. Qd3 g6 19. Qd2 Bg4 20. Ng5 Nb7 21. Ne4 Qg7
22. Qf4 Bf5 23. Qc7 Rd7 24. Qc6 Rfd8 25. Nf6+ Kh8 26. Bxf5 Rd6 27. Qxb7 Qxf6 28.
Bh3 a5 29. Rfe1 Kg7 30. Qe7 Qb2 31. Be6 Qf6 32. Qxf6+ Kxf6 33. Bg4 h5 34. Bf3
R8d7 35. a4 Kg7 36. Rb1 Kf6 37. Re2 Kf5 38. Reb2 Rb7 39. Rb5 Ke5 40. Rxc5 Kd4
41. Rc8 Re7 42. g3 Kc3 43. Rc6 Rxc6 44. dxc6 Kxc4 45. Rxb6 Kc5 46. Rb5+ Kd6 47.
Rxa5 Rc7 48. Rb5 Ra7 49. a5 Ra6 50. Rb7 Rxa5 51. Rxf7 Rc5 52. Rf6+ Kc7 53. Rxg6
Rc1+ 54. Kg2 Rc5 55. h4 1-0

[Event "Women's Speed Chess Q1"]
[Site "chess.com INT"]
[Date "2020.06.18"]
[Round "2"]
[White "Hoang, Thi Bao Tram"]
[Black "Benmesbah, Natacha"]
[Result "1-0"]
[WhiteTitle "WGM"]
[BlackTitle "WIM"]
[WhiteElo "2288"]
[BlackElo "2223"]
[WhiteFideId "12401102"]
[BlackFideId "642002"]
[EventDate "2020.06.18"]

1. d4 Nf6 2. Nf3 e6 3. Bg5 c5 4. e3 Nc6 5. c3 d5 6. Nbd2 h6 7. Bh4 Bd6 8. Bd3 g5
9. Bg3 Qe7 10. Ne5 Bxe5 11. dxe5 Nd7 12. f4 h5 13. h3 d4 14. exd4 cxd4 15. Ne4
gxf4 16. Bxf4 Ncxe5 17. O-O f5 18. Bg5 Qf8 19. Bb5 Rg8 20. Qxd4 Qg7 21. Nf6+ Kf8
22. Qd6+ Kf7 23. Nxd7 Qxg5 24. Nxe5+ Kf6 25. Rf2 a6 26. Bc4 Qe3 27. Nf3 b6 28.
Re1 Qc5 29. Qxc5 bxc5 30. Rfe2 Bb7 31. Rxe6+ 1-0

[Event "Women's Speed Chess Q1"]
[Site "chess.com INT"]
[Date "2020.06.18"]
[Round "2"]
[White "Zhukova, Natalia"]
[Black "Mahdian, Anousha"]
[Result "0-1"]
[WhiteTitle "GM"]
[BlackTitle "WFM"]
[WhiteElo "2328"]
[BlackElo "2212"]
[WhiteFideId "14101513"]
[BlackFideId "12571490"]
[EventDate "2020.06.18"]

1. c4 c6 2. d4 d5 3. Nf3 Nf6 4. Nc3 e6 5. Bg5 dxc4 6. e4 b5 7. e5 h6 8. Bh4 g5
9. Nxg5 hxg5 10. Bxg5 Nbd7 11. g3 Bb7 12. Bg2 Qb6 13. exf6 O-O-O 14. O-O c5 15.
d5 b4 16. Rb1 Ne5 17. Qe2 Nd3 18. dxe6 Qxe6 19. Qxe6+ fxe6 20. Bxb7+ Kxb7 21.
Nd1 Bh6 22. f4 e5 23. h4 exf4 24. gxf4 Bxg5 25. hxg5 Rh4 26. Ne3 Nxf4 27. f7 Rf8
28. Nxc4 Rg4+ 29. Kh2 Rh8# 0-1

[Event "Women's Speed Chess Q1"]
[Site "chess.com INT"]
[Date "2020.06.18"]
[Round "2"]
[White "Harika, Dronavalli"]
[Black "Tania, Sachdev"]
[Result "1-0"]
[WhiteTitle "GM"]
[BlackTitle "IM"]
[WhiteElo "2515"]
[BlackElo "2392"]
[WhiteFideId "5015197"]
[BlackFideId "5007844"]
[EventDate "2020.06.18"]

1. Nf3 Nf6 2. c4 b6 3. g3 Bb7 4. Bg2 e6 5. O-O Be7 6. b3 O-O 7. Bb2 d6 8. e3
Nbd7 9. Nc3 c5 10. Qe2 a6 11. Rfd1 Re8 12. d4 cxd4 13. exd4 Qc7 14. Rac1 Rac8
15. d5 e5 16. Nh4 Bf8 17. Bh3 g6 18. Ng2 Bg7 19. Re1 Qb8 20. Ne3 Rcd8 21. Rcd1
Bc8 22. Bg2 h5 23. h3 Bb7 24. Nc2 Qc7 25. Nb4 Nb8 26. a4 Nfd7 27. Qc2 Nc5 28.
Ne4 Bc8 29. Nxc5 bxc5 30. Nc6 Bf5 31. Qd2 Nxc6 32. dxc6 e4 33. Bxg7 Kxg7 34. Qf4
Qxc6 35. g4 hxg4 36. hxg4 Be6 37. Rxe4 Qd7 38. Rde1 Rh8 39. g5 Qe7 40. R4e3 Rh5
41. Rg3 Rdh8 42. Rd1 Qc7 43. Rxd6 1-0

[Event "Women's Speed Chess Q1"]
[Site "chess.com INT"]
[Date "2020.06.18"]
[Round "2"]
[White "Batsiashvili, Nino"]
[Black "Ouellet, Maili-Jade"]
[Result "1-0"]
[WhiteTitle "GM"]
[BlackTitle "WGM"]
[WhiteElo "2457"]
[BlackElo "2257"]
[WhiteFideId "13602993"]
[BlackFideId "2620472"]
[EventDate "2020.06.18"]

1. d4 d5 2. Nf3 Nf6 3. Bf4 c5 4. e3 Nc6 5. Nbd2 Bg4 6. c3 e6 7. Qb3 Qb6 8. Ne5
Nxe5 9. Bxe5 c4 10. Qa4+ Qc6 11. Qxc6+ bxc6 12. b3 cxb3 13. axb3 Nd7 14. Bg3 a5
15. Be2 Bxe2 16. Kxe2 Be7 17. Ra2 Bd8 18. Bd6 Rc8 19. Rb1 f6 20. b4 axb4 21.
Rxb4 Be7 22. Bxe7 Kxe7 23. Ra7 Rhd8 24. Rbb7 Kd6 25. Nb3 c5 26. dxc5+ Nxc5 27.
Rb6+ Ke5 28. Nd4 Ne4 29. f4# 1-0

[Event "Women's Speed Chess Q1"]
[Site "chess.com INT"]
[Date "2020.06.18"]
[Round "2"]
[White "Vifleemskaia, Svetlana"]
[Black "Zvereva, Margarita"]
[Result "1-0"]
[WhiteTitle "WFM"]
[BlackTitle "WFM"]
[WhiteElo "1943"]
[BlackElo "1929"]
[WhiteFideId "4129490"]
[BlackFideId "34177741"]
[EventDate "2020.06.18"]

1. d4 d5 2. c4 e6 3. Nc3 Nf6 4. cxd5 exd5 5. Bg5 Be7 6. e3 O-O 7. Bd3 Nbd7 8.
Nge2 c6 9. f3 h6 10. Bh4 Re8 11. O-O c5 12. Bf2 cxd4 13. exd4 Nf8 14. Ng3 Ne6
15. Nf5 Nf4 16. Nxe7+ Rxe7 17. Bc2 Bd7 18. Re1 Rxe1+ 19. Qxe1 Qb6 20. Rb1 Re8
21. Qd2 Ne6 22. Bb3 Qa5 23. Rd1 b6 24. Bg3 Bc6 25. Be5 Nd7 26. Bd6 Nf6 27. Bg3
Rd8 28. Re1 Qb4 29. Rd1 Qe7 30. Bh4 a5 31. a4 g6 32. Qxh6 Ng7 33. Qg5 Nge8 34.
Qe5 Qb4 35. Bxf6 Nxf6 36. Qxf6 Rd6 37. Qe7 Qxb3 38. Qxd6 1-0

[Event "Women's Speed Chess Q1"]
[Site "chess.com INT"]
[Date "2020.06.18"]
[Round "2"]
[White "Swati, Mohota"]
[Black "Ning, Kaiyu"]
[Result "0-1"]
[WhiteTitle "WFM"]
[BlackTitle "WIM"]
[WhiteElo "2027"]
[BlackElo "2327"]
[WhiteFideId "5006511"]
[BlackFideId "8614750"]
[EventDate "2020.06.18"]

1. d4 d5 2. c4 e6 3. Nc3 Nf6 4. cxd5 Nxd5 5. e4 Nxc3 6. bxc3 c5 7. Bb5+ Bd7 8.
Qa4 a6 9. Bxd7+ Nxd7 10. Nf3 b5 11. Qb3 cxd4 12. cxd4 Nf6 13. Qd3 Be7 14. O-O
O-O 15. Bg5 h6 16. Bh4 Rc8 17. Rac1 Qa5 18. Qe2 Qa3 19. Rxc8 Rxc8 20. h3 Qa4 21.
Bxf6 Bxf6 22. e5 Be7 23. Rd1 Rc2 24. Rd2 Rc1+ 25. Kh2 Bb4 26. Rd3 Qc2 27. Qxc2
Rxc2 28. a3 Be7 29. Kg3 Ra2 30. Nd2 Bxa3 31. Ne4 b4 32. Nc5 a5 33. d5 exd5 34.
Rxd5 Rc2 35. Rd8+ Kh7 36. Nd7 b3 37. Rb8 b2 38. Rb7 Bb4 39. Nf6+ gxf6 40. Rxf7+
Kg8 0-1

[Event "Women's Speed Chess Q1"]
[Site "chess.com INT"]
[Date "2020.06.18"]
[Round "2"]
[White "Chitlange, Sakshi"]
[Black "Sviridova, Vlada"]
[Result "0-1"]
[WhiteTitle "WIM"]
[BlackTitle "WFM"]
[WhiteElo "2167"]
[BlackElo "2144"]
[WhiteFideId "35002899"]
[BlackFideId "24109606"]
[EventDate "2020.06.18"]

1. d4 d5 2. c4 c6 3. Nf3 Nf6 4. Nc3 e6 5. e3 Nbd7 6. Bd3 dxc4 7. Bxc4 b5 8. Bd3
Bd6 9. O-O O-O 10. Qe2 a6 11. Rd1 Qc7 12. e4 e5 13. h3 Re8 14. Bg5 exd4 15. Nxd4
Bb7 16. Rac1 Bh2+ 17. Kh1 Bf4 18. Bxf4 Qxf4 19. a3 c5 20. Nf5 Nxe4 21. Nxe4 Qxf5
22. Re1 c4 23. Bb1 g6 24. Rc3 Nc5 25. Rf3 Rxe4 26. Rxf5 Rxe2 27. Rxe2 gxf5 28.
Re5 Nd3 29. Rxf5 Re8 30. Rg5+ Kf8 0-1

[Event "Women's Speed Chess Q1"]
[Site "chess.com INT"]
[Date "2020.06.18"]
[Round "2"]
[White "Perez Rodriguez, Jennifer"]
[Black "Bulmaga, Irina"]
[Result "1-0"]
[WhiteTitle "WIM"]
[BlackTitle "IM"]
[WhiteElo "2251"]
[BlackElo "2440"]
[WhiteFideId "3507831"]
[BlackFideId "13903063"]
[EventDate "2020.06.18"]

1. e4 Nf6 2. Nc3 d5 3. e5 d4 4. Nce2 Ng4 5. f4 h5 6. d3 c5 7. Nf3 Nc6 8. Ng3 e6
9. Ne4 Be7 10. c4 dxc3 11. bxc3 b6 12. h3 Nh6 13. Be3 Nf5 14. Bf2 Bb7 15. Be2 h4
16. O-O Qd5 17. Qb3 c4 18. Qc2 Na5 19. Nd4 Nxd4 20. Bxd4 cxd3 21. Bxd3 O-O 22.
Qe2 Rfd8 23. Rad1 Qc6 24. Qg4 Nc4 25. f5 Nb2 26. f6 Bf8 27. fxg7 Bxg7 28. Nf6+
Kf8 29. Be4 Qc7 30. Rde1 Nc4 31. Nh5 Bh8 32. Qxe6 Nd2 33. Qh6+ Ke7 34. Qxd2 Bxe5
35. Qg5+ f6 36. Qg7+ Kd6 37. Rxf6+ Bxf6 38. Qxf6+ Kd7 39. Bf5# 1-0

[Event "Women's Speed Chess Q1"]
[Site "chess.com INT"]
[Date "2020.06.18"]
[Round "2"]
[White "Enkhtuul, Altan-Ulzii"]
[Black "Stefanova, Antoaneta"]
[Result "0-1"]
[WhiteTitle "WGM"]
[BlackTitle "GM"]
[WhiteElo "2228"]
[BlackElo "2462"]
[WhiteFideId "4901444"]
[BlackFideId "2902257"]
[EventDate "2020.06.18"]

1. d4 d5 2. Nf3 Nf6 3. g3 c6 4. Bg2 Bf5 5. O-O h6 6. c4 e6 7. b3 Nbd7 8. Bb2 Bd6
9. Nbd2 O-O 10. Ne5 Qe7 11. Ndf3 Ba3 12. Qc1 Bxb2 13. Qxb2 a5 14. a3 Be4 15. b4
Nxe5 16. Nxe5 Bxg2 17. Kxg2 Ne4 18. f3 Nd6 19. c5 Nf5 20. e4 Ne3+ 21. Kg1 Nxf1
22. Rxf1 dxe4 23. fxe4 axb4 24. Qxb4 Qc7 25. Rb1 Ra7 26. Qb6 Qxb6 27. Rxb6 Rd8
28. Nf3 Rxa3 29. Kg2 Ra2+ 30. Kh3 Ra7 31. Kg4 f6 32. Kf4 Rd7 33. g4 g5+ 34. Ke3
Ra3+ 35. Ke2 Kg7 36. Rb4 Kg6 37. Nd2 h5 38. gxh5+ Kxh5 39. Kf2 Rd3 40. Nb3 g4
41. Kg2 f5 42. exf5 exf5 43. Kf2 f4 44. Kg2 Kh4 45. Kf2 Re7 46. d5 Rf3+ 47. Kg2
Re2+ 48. Kg1 Rb2 49. dxc6 bxc6 50. Nd4 Rxb4 51. Nxf3+ gxf3 0-1

[Event "Women's Speed Chess Q1"]
[Site "chess.com INT"]
[Date "2020.06.18"]
[Round "2"]
[White "Padmini, Rout"]
[Black "Dauletova, Gulmira"]
[Result "1-0"]
[WhiteTitle "IM"]
[BlackTitle "WIM"]
[WhiteElo "2370"]
[BlackElo "2319"]
[WhiteFideId "5029295"]
[BlackFideId "13702971"]
[EventDate "2020.06.18"]

1. e4 e5 2. Nf3 Nc6 3. Nc3 Nf6 4. Bb5 Bd6 5. O-O O-O 6. Bxc6 dxc6 7. d3 Nd7 8.
Ne2 Nc5 9. Ng3 g6 10. b3 Ne6 11. Bb2 f6 12. Nd2 Bc5 13. Ne2 Qe7 14. Kh1 Bd6 15.
Nc4 Nf4 16. Nxf4 exf4 17. Nxd6 cxd6 18. Qf3 g5 19. g3 fxg3 20. fxg3 Bh3 21. Rf2
Qe6 22. Qh5 Bg4 23. Qh6 Rf7 24. Bxf6 Rxf6 25. Qxf6 Qxf6 26. Rxf6 d5 27. exd5
cxd5 28. Re1 Rd8 29. Kg1 Rc8 30. c4 Kg7 31. Rf2 dxc4 32. dxc4 Rc7 33. Kg2 Kg6
34. h3 Bf5 35. g4 Bc8 36. Kg3 b6 37. Re8 Bb7 38. Rg8+ Kh6 39. Rf6# 1-0

[Event "Women's Speed Chess Q1"]
[Site "chess.com INT"]
[Date "2020.06.18"]
[Round "2"]
[White "Rakshitta, Ravi"]
[Black "Goryachkina, Aleksandra"]
[Result "0-1"]
[WhiteTitle "WIM"]
[BlackTitle "GM"]
[WhiteElo "2190"]
[BlackElo "2582"]
[WhiteFideId "25073230"]
[BlackFideId "4147103"]
[EventDate "2020.06.18"]

1. e4 e6 2. d4 d5 3. Nc3 Bb4 4. exd5 exd5 5. Bd3 Nf6 6. Ne2 O-O 7. O-O Bg4 8. f3
Bh5 9. Nf4 c6 10. Nce2 Bd6 11. Ng3 Bg6 12. Nxg6 hxg6 13. Bg5 Nbd7 14. f4 Qc7 15.
Qf3 Nh7 16. Bh4 f5 17. Ne2 Nhf6 18. Bxf6 Nxf6 19. Qg3 Qf7 20. Kh1 Ne4 21. Qh4
Rae8 22. Ng1 Qf6 23. Qxf6 gxf6 24. g3 Kg7 25. Rad1 g5 26. Kg2 Kg6 27. h3 Kh6 28.
Nf3 Bc7 29. Nd2 Rg8 30. Kh2 Rg6 31. Rf3 Reg8 32. fxg5+ Rxg5 0-1